LEADER 03113nam 2200685I 450 001 9910456508103321 005 20181112152906.0 010 $a0-429-90586-6 010 $a0-429-48109-8 010 $a1-283-07055-3 010 $a9786613070555 010 $a1-84940-641-3 035 $a(CKB)2550000000032746 035 $a(EBL)689882 035 $a(OCoLC)723944142 035 $a(SSID)ssj0000520918 035 $a(PQKBManifestationID)11336103 035 $a(PQKBTitleCode)TC0000520918 035 $a(PQKBWorkID)10517520 035 $a(PQKB)10505847 035 $a(MiAaPQ)EBC689882 035 $a(Au-PeEL)EBL689882 035 $a(CaPaEBR)ebr10463987 035 $a(CaONFJC)MIL307055 035 $a(OCoLC)727948474 035 $a(FlBoTFG)9780429481093 035 $a(EXLCZ)992550000000032746 100 $a20181112h20182008 uy 0 101 0 $aeng 135 $aur||| ||||| 181 $ctxt 182 $cc 183 $acr 200 14$aThe Anorexic Mind /$fby Marilyn Lawrence 205 $aFirst edition. 210 1$aBoca Raton, FL :$cRoutledge,$d[2018]. 210 4$d©2008. 215 $a1 online resource (216 p.) 225 1 $aTavistock Clinic series 300 $aDescription based upon print version of record. 311 $a0-367-32747-3 311 $a1-85575-383-9 320 $aIncludes bibliographical references (p. 133-136) and index. 327 $aCover; Title; Copyright; Dedication; Contents; SERIES EDITOR'S PREFACE; ACKNOWLEDGEMENTS; ABOUT THE AUTHOR; CHAPTER ONE; CHAPTER TWO; CHAPTER THREE; CHAPTER FOUR; CHAPTER FIVE; CHAPTER SIX; CHAPTER SEVEN; CHAPTER EIGHT; CHAPTER NINE; REFERENCES; INDEX 330 3 $aEating disorders vary in severity from developmental difficulties in adolescence which may be transitory, to serious and chronic mental illnesses. The Anorexic Mind offers a coherent approach to these difficult and demanding problems, always underlining the point that while many of the manifestations are physical, eating disorders have their origins as well as their solutions, in the mind. While anorexia nervosa may be considered the central syndrome in eating disorders, this book also considers how it links and differs from bulimia nervosa, the more common, related disorder. In the process of the research on anorexia and bulimia, valuable insights have been gained into the very common problem of overeating. The author takes a developmental approach to eating disorders, and is very aware of the continuities between infantile, adolescent and adult experience. Our earliest relationship is a feeding relationship and feeding difficulties early in life are not rare. 410 0$aTavistock Clinic series. 606 $aAnorexia nervosa 606 $aBulimia 608 $aElectronic books. 615 0$aAnorexia nervosa. 615 0$aBulimia. 676 $a616.85262 700 $aLawrence$b Marilyn$0325083 712 02$aTavistock Clinic. 801 0$bFlBoTFG 801 1$bFlBoTFG 906 $aBOOK 912 $a9910456508103321 996 $aThe Anorexic Mind$91902992 997 $aUNINA LEADER 03297nam 2200385 450 001 9910765535703321 005 20240215192445.0 010 $a1-83769-178-9 035 $a(CKB)5580000000706405 035 $a(NjHacI)995580000000706405 035 $a(EXLCZ)995580000000706405 100 $a20240215d2023 uy 0 101 0 $aeng 135 $aur||||||||||| 181 $ctxt$2rdacontent 182 $cc$2rdamedia 183 $acr$2rdacarrier 200 00$aElectric Vehicles $eDesign, Modelling and Simulation /$fedited by Nicolae Tudoroiu 210 1$aLondon :$cIntechOpen,$d2023. 215 $a1 online resource (170 pages) 311 $a1-83769-177-0 327 $a1. Investigations of Different Approaches for Controlling the Speed of an Electric Motor with Nonlinear Dynamics Powered by a Li-ion Battery - Case Study -- 2. Load-Sharing Management for Fuel Cell Hybrid Electric Vehicle (FCHEV) Based on Intelligent Controllers and Optimization Algorithms -- 3. Battery State of Charge Management for an Electric Vehicle Traction System -- 4. Nonlinear Robust Control of Trajectory-Following for Autonomous Ground Electric Vehicles -- 5. Dynamics Modeling and Characteristics Analysis of Distributed Drive Electric Vehicles -- 6. Hybrid Energy Storage Systems in Electric Vehicle Applications. 330 $aClean and efficient transportation in countries around the world is only possible if governments and scientists focus on stimulating and supporting the electric vehicle industry by developing and deploying the most advanced Li-ion battery technologies. Recently, several improvements have been made in the direction of operational safety, the elimination of explosion hazards, and the mitigation of chemical toxicity. The state of charge of an electric vehicle battery is an essential internal parameter that plays a vital role in utilizing the battery's energy efficiency, operating safely in various realistic conditions and environments, and extending the battery's life. Also, automated systems are integrated into the architecture of electrical vehicles, allowing for technology, machinery, or systems to perform tasks or processes with minimal human intervention. Automation in electric vehicles involves the integration of advanced technologies to enhance the driving experience, improve safety, optimize energy efficiency, and facilitate the transition to sustainable transportation. The key aspects of automation in electric vehicles are advanced driver assistance, self-driving capabilities, battery and energy management, and safety and collision avoidance. This book provides a comprehensive overview of electric and hybrid electric vehicles, exploring their design, the modeling of Li-ion battery management systems, state-of-charge estimation algorithms, and the most used electric motors. It also discusses new trends in electric vehicle automation as well as different control strategies. 606 $aElectric vehicles 606 $aElectric vehicles$xHistory 615 0$aElectric vehicles. 615 0$aElectric vehicles$xHistory. 676 $a629.2293 702 $aTudoroiu$b Nicolae 801 0$bNjHacI 801 1$bNjHacl 906 $aBOOK 912 $a9910765535703321 996 $aElectric vehicles$9880683 997 $aUNINA LEADER 00914cam0 22002771 450 001 SOBE00082674 005 20250417141929.0 100 $a20250416d1959 |||||ita|0103 ba 101 $afre 102 $aFR 200 1 $aArles$fFernand Benoit$gcouverture de Jean Dieuzaide 210 $aParis$cAlpina$d1959 215 $a61 p.$cill.$d18 cm 225 2 $aFrance illustrée 410 1$1001SOBE00082675$12001 $aLa *France illustrée 500 10$aArles$3SOBA00033169$94350942 700 1$aBenoit$b, Fernand$3SOBA00033168$4070$0172449 801 0$aIT$bUNISOB$c20250417$gRICA 850 $aUNISOB 852 $aUNISOB$jFondo|Calì$m182525 912 $aSOBE00082674 940 $aM 102 Monografia moderna SBN 941 $aM 957 $aFondo|Calì$b000352$gSI$d182525$n20250324$hCali$rDono$tD$1rovito$2UNISOB$3UNISOB$420250416104927.0$520250417141929.0$6menle 996 $aArles$94350942 997 $aUNISOB